000
00287nam a22001097a 4500
082
_a
808.831
_b
BHA
_c
L-NUST-01, P-47
245
_a
Giant Book of Fairy Tales
260
_a
Delhi
_b
Arora Book Co
300
_a
P 96
_b
ill
_c
25cm
526
_a
0
_b
0
_c
0
_d
808_831000000000000_BHA
942
_2
ddc
_c
BK
999
_c
550158
_d
550158